000 00630nam a2200241Ia 4500
003 OSt
005 20220928102633.0
006 a|||||r|||| 00| 0
007 ta
008 220927b |||||||| |||| 00| 0 eng d
024 _a44424
037 _cTextual
040 _aSDCL
_cSDCL
_beng
041 _2eng
_aeng
082 _aO152,1J32,4, K7
100 _aTulsidas
_9392509
245 0 _aBarve-ramayan
_bNaveen paath.
260 _aPrayag
_bHindi Sathiya sammelan
_c1967
300 _a171p.
_ccm.
490 _aTulsidas
942 _hO152,1J32,4, K7
_cTEXL
_2CC
999 _c715393
_d715393